| 000 | 00377nam a2200145 a 4500 | ||
|---|---|---|---|
| 001 | 50 | ||
| 003 | CDMR | ||
| 005 | 20130219131629.0 | ||
| 008 | 130130s2000||||||||||||||||||||||||||||d | ||
| 040 |
_aCDMR _bcat _cCPC LLEIDA |
||
| 110 | 2 |
_aAgencia Informe de Prensa Internacional _955 |
|
| 245 | 1 | 0 |
_a2000 World Press Freedom Review _cIPI |
| 260 |
_aHeidelberg _c2000 _bIPI |
||
| 942 |
_cMON _2ddc |
||
| 999 |
_c50 _d50 |
||